Handbuch der Lebensmittelchemie Band VIII/2. Wasser und Luft

Na minha lista:
Detalhes bibliográficos
Formato: Livro
Idioma:alemão
Publicado em: Berlin Springer-Verlag 1969
Assuntos:
Acesso em linha:View in OPAC
Tags: Adicionar Tag
Sem tags, seja o primeiro a adicionar uma tag!

MARC

LEADER 00000nam a2200000 a 4500
005 20260127134220.0
008 090518 1969 gw 000 0 ger d
035 |a vtls009513567 
039 9 |y 200905180908  |z mschk03 
040 |a STUSCHK1  |b slo  |c STUSCHK1  |e AACR2 
245 1 |a Handbuch der Lebensmittelchemie  |n Band VIII/2. Wasser und Luft 
260 |a Berlin  |b Springer-Verlag  |c 1969 
300 |a xiii, 863-1495 s.  |b il.  |c 25 cm 
650 0 |a wasser 
650 0 |a luft 
910 |a SCHK95 
999 |c 6903  |d 6903